000 02128nam0a2200385 4500
001 RU\NLR\bibl\804059
005 20260405225238.0
021 _aRU
_b2005-4702
_9233
035 _aRSL-KNO-002567939
035 _a(NLR Aleph) 000793210
090 _a1134777
_c1134777
100 _a20050211d2004 |||y0rusy50 ca
101 0 _arus
102 _aRU
105 _aa |||||||||
106 _ar
200 1 _aЭкономика Центрально-Черноземного района
_eучеб. пособие
_fЕ.Е. Инякина, Г.В. Кольцрва
_gМ-во образования и науки Рос. Федерации, Тамб. гос. ун-т им. Г.Р. Державина
210 _aТамбов
_cИзд-во ТГУ
_d2004
215 _a114 с.
_cил.
_d20
320 _aБиблиогр.: с. 113-114 (31 назв.)
607 _aЦентрально-Черноземный экономический район
_jРуководства, пособия и т.п. для высшей школы
_xНародное хозяйство
_92017360
_3RU\NLR\auth\661213113
607 _aЦентрально-Черноземный экономический район
_jУчебные издания для высших учебных заведений
_xНародное хозяйство
_92017360
_3RU\NLR\auth\661213113
610 0 _aЭкономика -- Экономическая география -- Российская Федерация -- Центрально-Черноземный район -- Учебное пособие для высшей школы
686 _aУ049(2Р345)я73-1
_2rubbk
686 _aУ03(2Р345)74я73
700 1 _4070
_8rus
_7ca
_aИнякина
_bЕ. Е.
_gЕлена Евгеньевна
_3RU\NLR\auth\77103289
_986215
701 1 _4070
_8rus
_7ca
_aКольцова
_bГ. В.
_gГалина Владиславовна
_3RU\NLR\auth\7740771
_923722
801 0 _aRU
_bRuMoRKP
_c20050211
_grcr
801 1 _aRU
_bRuMoRGB
_c20050211
801 2 _aRU
_bNLR
_c20050526
_gPSBO
830 _aавт. по кн.
942 _cBOOK
980 _aNB
980 _aNBR